| 000 | 02649nam a2200277 a 4500 | ||
|---|---|---|---|
| 999 |
_c795 _d795 |
||
| 003 | AR-BaISA | ||
| 005 | 20220325113952.0 | ||
| 007 | ta | ||
| 008 | 220325s2019 ag ad||f |||| 00| 0 spa d | ||
| 020 | _a9789874747600 | ||
| 040 |
_bspa _cAR-BaISA |
||
| 082 | 0 | 4 |
_222 _a362.404 53 R859 |
| 245 | 0 | 0 |
_aDiscapacidad psicosocial: _buna experiencia de inclusión en la comunidad / _cCompilado por Mauricio Ruiz, Marta Augé y Ana María Piattoni |
| 260 |
_aBuenos Aires: _bFundación Centro de Psicoterapias Integradas (CPI), _c2019 |
||
| 300 |
_a283 p.: _bil., graf. |
||
| 504 | _aBibliografía al final de cada capítulo | ||
| 505 |
_tMauricio Ruiz / Discapacidad psicosocial. En la búsqueda de un lugar en el discurso -- _tMarta Augé / Personas con discapacidad psicosocial -- _tXoana Rivera / Yo ni loco -- _tGisela P. Sayago / El centro de día y la discapacidad psicosocial: un lazo social posible -- _tAna María Piattoni / El centro de día de la Fundación CPI. Fundamentación, población, objetivos, organización y dinámica de funcionamiento -- _tLuciana Belén Marasco y Tatiana Traverso / Proyectos personales: una mirada desde la terapia ocupacional -- _tSantiago Paz / Sobre los apoyos en discapacidad psicosocial -- _tFlorencai Amelotti / Desafíos de la intervención del trabajador social en el centro de día -- _tSergio Borrazás, Ana María Piattoni y Miriam Dinsmann / La función del referente en al Fundación CPI -- _tFlorencia Vázquez / Grupo de integración: un recorrido hacia la inclusión -- _tAdriana Romero / Taller de malabares: una experiencia de aprendizaje con el cuerpo -- _tSantiago Boscacci, Ana Paula Escudero y Pablo Glasmann / La música como herramienta para la inclusión social -- _tLaura Tarrab / Fotográfos, realizadores y representaciones sociales. La experiencia en dos talleres del centro de día -- _tGabriela Demichelis / La experiencia creativa como acto transformador -- _tAníbal Sotelo / Taller de derechos -- _tLuciana Belén Marasco y Aníbal Pablo Sotelo / Experiencias de inclusión social: Peña "El Reviro" -- _tLuis Catalán / Taller de cerámica: saber y hacer -- _tSantiago Boscacci y Tatiana Traverso / La inclusíón laboral de personas con discapacidad psicosocial en la institución: experiencias y abordajes |
||
| 650 | 1 | 4 |
_9245 _aDiscapacidad _vaspectos psicosociales |
| 650 | 1 | 4 |
_9245 _aDiscapacidad _vasistencia social |
| 650 | 1 | 4 |
_9245 _aDiscapacidad _vterapia con arte |
| 650 | 1 | 4 |
_91881 _aAtención a la salud mental |
| 700 | 1 |
_91882 _aRuiz, Mauricio _ecomp. |
|
| 700 |
_91883 _aAugé, Marta _ecomp. |
||
| 700 |
_91884 _aPiattoni, Ana María _ecomp. |
||
| 942 |
_2ddc _cLI _e22 |
||